|
|
|
|
| LEADER |
00000cam a2200000 a 4500 |
| 001 |
000061 |
| 003 |
UAHC_CL |
| 005 |
20170803115615.0 |
| 008 |
030422b xx j 000 1 eng |
| 040 |
|
|
|a UAHC_CL
|c UAHC_CL
|d UAHC_CL
|
| 245 |
1 |
0 |
|a PIB Organización de las Naciones Unidas para la Educación, la Ciencia y la Cultura (UNESCO).
|
| 942 |
|
|
|c BK
|
| 952 |
|
|
|0 0
|1 0
|4 0
|7 0
|8 General
|9 203
|a BC
|b BC
|c General
|d 2017-08-03
|l 0
|p 1338850
|r 2022-03-04 00:00:00
|t 1
|w 2017-08-03
|y BK
|
| 952 |
|
|
|0 0
|1 0
|4 0
|7 0
|8 General
|9 204
|a BC
|b BC
|c General
|d 2017-08-03
|l 0
|p 1338851
|r 2022-03-04 00:00:00
|t 2
|w 2017-08-03
|y BK
|
| 952 |
|
|
|0 0
|1 0
|4 0
|7 0
|8 General
|9 205
|a BC
|b BC
|c General
|d 2017-08-03
|l 0
|p 1338852
|r 2022-03-04 00:00:00
|t 3
|w 2017-08-03
|y BK
|
| 999 |
|
|
|c 61
|d 61
|